书目信息 |
| 题名: |
现代水处理技术
|
|
| 作者: | 冯敏 主编 | |
| 分册: | ||
| 出版信息: | 北京 化学工业出版社 2006 |
|
| 页数: | 402页 | |
| 开本: | 26cm | |
| 丛书名: | ||
| 单 册: | ||
| 中图分类: | TU991.2 | |
| 科图分类: | ||
| 主题词: | 水处理 | |
| 电子资源: | ||
| ISBN: | 7-5025-8379-3 | |
| 000 | 00735nam0 2200229 450 | |
| 001 | 012007660282 | |
| 005 | 20070517110949.42 | |
| 010 | @a7-5025-8379-3@dCNY58.00 | |
| 100 | @a20070509d2006 km y0chiy0120 ea | |
| 101 | 0 | @achi |
| 102 | @aCN@b110000 | |
| 105 | @ay z 000yy | |
| 106 | @ar | |
| 200 | 1 | @a现代水处理技术@Axian dai shui chu li ji shu@f冯敏主编@Ffeng min zhu bian |
| 210 | @a北京@c化学工业出版社@d2006 | |
| 215 | @a402页@d26cm | |
| 330 | @a本书在介绍了各种水处理系统原理的基础上,着重介绍了各种水处理设备的构造、运行、控制、维护。主要内容有水质稳定的水化学基础,水的澄清等。 | |
| 606 | 0 | @a水处理 |
| 690 | @aTU991.2@v4 | |
| 701 | 0 | @a冯敏@Afeng min@4主编 |
| 801 | 0 | @aCN@bRULIN@c20070517 |
| 905 | @dTU991.2@e349@s10 | |
| 现代水处理技术/冯敏主编.-北京:化学工业出版社,2006 |
| 402页;26cm |
| ISBN 7-5025-8379-3:CNY58.00 |
| 本书在介绍了各种水处理系统原理的基础上,着重介绍了各种水处理设备的构造、运行、控制、维护。主要内容有水质稳定的水化学基础,水的澄清等。 |
| ● |
| 相关链接 |
|
|
|
|
正题名:现代水处理技术
索取号:TU991.2/349
 
预约/预借
| 序号 | 登录号 | 条形码 | 馆藏地/架位号 | 状态 | 备注 |
| 1 | 0578973 | 205789734 | 第二样本阅览室/ [索取号:TU991.2/349] | 在馆 | |
| 2 | 0578974 | 205789743 | 第三借阅区/ [索取号:TU991.2/349] | 在馆 | |
| 3 | 0578975 | 205789752 | 第三借阅区/ [索取号:TU991.2/349] | 在馆 | |
| 4 | 0578976 | 205789761 | 第三借阅区/ [索取号:TU991.2/349] | 在馆 | |
| 5 | 0578977 | 205789770 | 第三借阅区/ [索取号:TU991.2/349] | 在馆 | |
| 6 | 0578978 | 205789789 | 第三借阅区/ [索取号:TU991.2/349] | 在馆 | |
| 7 | 0578979 | 205789798 | 第三借阅区/ [索取号:TU991.2/349] | 在馆 | |
| 8 | 0578980 | 205789805 | 第三借阅区/ [索取号:TU991.2/349] | 在馆 | |
| 9 | 0578981 | 205789814 | 第三借阅区/ [索取号:TU991.2/349] | 在馆 | |
| 10 | 0578982 | 205789823 | 第三借阅区/ [索取号:TU991.2/349] | 在馆 |